| 000 | 01158nam a22003017a 4500 | ||
|---|---|---|---|
| 005 | 20121019114632.0 | ||
| 008 | 121019t xxu||||| |||| 00| 0 eng d | ||
| 010 | _aENG-106109 | ||
| 020 |
_a9781259027468 _c495.00 |
||
| 020 |
_a1259027465 _c495.00 |
||
| 035 | _aEN-89642 | ||
| 037 | _bDBAD/PUB | ||
| 040 |
_aDPL _bEng |
||
| 082 | 0 | 0 |
_a005.8 _223 |
| 100 | 1 |
_aWong, Caroline _953260 |
|
| 245 | 1 | 0 |
_aSecurity metrics : _ba beginner's guide / _cby Caroline Wong |
| 260 |
_aNew Delhi _bTata McGraw-Hill _c2012 |
||
| 270 |
_a7 West Patel Nagar _bNew Delhi _e110008 |
||
| 300 |
_axxxii, 397p. : _bill. _c24cm(pbk) |
||
| 500 | _aIncludes index. | ||
| 650 | 0 |
_aData protection _xStandards. _953261 |
|
| 650 | 0 |
_aMicrocomputers _xAccess control. _953262 |
|
| 650 | 0 |
_aComputer security _xEvaluation. _953263 |
|
| 650 | 0 |
_aComputer crimes _xPrevention. _953264 |
|
| 942 |
_2ddc _cEN _h005.8 _mWON |
||
| 999 |
_c71007 _d71007 |
||